000 00474nam a2200181Ia 4500
005 20250423095742.0
008 250422s9999 xx 000 0 und d
020 _a978470833735
050 _aHF 5679 .K56/
100 _aKieso, Donald E... [et al.].
245 0 _aIntermediate accounting
260 _aCanada
260 _bJohn Wiley & Sons
260 _c2005
300 _a1375 p
650 _aAccounting--Data processing. Electronic spreadsheets.
942 _cBK
999 _c31225
_d31225